| 000 | 00640cam a2200193 a 4500 | ||
|---|---|---|---|
| 001 | 000008462 | ||
| 005 | 20200929161339.0 | ||
| 008 | 851010s1984 cu 000 f spa | ||
| 040 |
_aDO-SdBNP _cDLC _dDLC |
||
| 082 |
_aCu863.44 _bC675u |
||
| 100 | 1 |
_aCofiño López, Manuel, _d1936- _914815 |
|
| 245 | 1 | 3 |
_aLa última mujer y el próximo combate / _cManuel Cofiño ; edición Miriám Ocaña Santiesteban]. |
| 260 |
_aCiudad de La Habana : _bLetras Cubanas, _c1984. |
||
| 300 |
_a288 p. ; _c19 cm. |
||
| 650 | 4 |
_aNovela cubana _92316 |
|
| 650 | 4 |
_aLitaratura cubana _ySIGLO XX _922765 |
|
| 910 | _aCatalogación por copia / LC | ||
| 049 | _aBNGR | ||
| 999 |
_c8233 _d8233 |
||